00612nam a2200181Ia 450000500170000000800410001702000180005808200130007610000200008924501030010926000500021230000150026265000180027765000160029594200060031195200980031799900150041520240605052754.0240331s9999 xx 000 0 und d a9789551772932 bANDa370 aAndradi,W.M.D.D 0aSri Lankan Subordinates of the British :bEnglish- educated Ceylonese in Official Life 1865 - 1883 aColombobSocial Scientists' Associationc2011 aiv,365 p., aSubordination aBritish Era cL 001040708LaWERCLbWERCLcSSCd2024-03-31l0o 370.95 ANDp6730r2024-03-31w2024-03-31yL c5713d5713